000 00532nam a2200217Ia 4500
003 OSt
005 20220924134053.0
006 a|||||r|||| 00| 0
007 ta
008 220923b |||||||| |||| 00| 0 snd d
024 _a272038
037 _cTextual
040 _aARTS
_cARTS
_bsnd
041 _2snd
_asnd
082 _aO152,3N01,MA, 1593J9
100 _aAjwani
245 0 _aMitti ain ja milap
260 _c1959
942 _hO152,3N01,MA, 1593J9
_cTEXL
_2CC
999 _c436281
_d436281